000 00490nam a2200181Ia 4500
005 20250508163350.0
008 008 250505s9999 xx 000 0 eng d
037 _aTextual
040 _aFEDL
_beng
_cFEDL
041 _aeng
_2eng
084 _a513.26, OLD
_qFEDL
100 _aOlds C D
_9517384
245 0 _aContinuted fractions
260 _aRandom House
_bThe L.W. Singer Company
_c1963
300 _a162p.
942 _cTEXL
_h513.26, OLD
999 _c1382584
_d1382584